Communication skills for college and beyond series one / (Record no. 35873)
[ view plain ]
| 000 -LEADER | |
|---|---|
| fixed length control field | 00598nam a22002057a 4500 |
| 003 - CONTROL NUMBER IDENTIFIER | |
| control field | OSt |
| 005 - DATE AND TIME OF LATEST TRANSACTION | |
| control field | 20160128090827.0 |
| 008 - FIXED-LENGTH DATA ELEMENTS--GENERAL INFORMATION | |
| fixed length control field | 130130t xxu||||| |||| 00| 0 eng d |
| 020 ## - INTERNATIONAL STANDARD BOOK NUMBER | |
| International Standard Book Number | 9712327531 |
| 050 ## - LIBRARY OF CONGRESS CALL NUMBER | |
| Classification number | P 90 |
| Item number | .B298 1999 |
| 082 ## - DEWEY DECIMAL CLASSIFICATION NUMBER | |
| Classification number | FIL 425 |
| 100 ## - MAIN ENTRY--PERSONAL NAME | |
| Personal name | Bascara, Linda A. |
| 245 ## - TITLE STATEMENT | |
| Title | Communication skills for college and beyond series one / |
| Statement of responsibility, etc | Linda R. Bascara, Lilia A. Manzano, Agnes A. Tolosa, Constantino M. Mazon. |
| 260 ## - PUBLICATION, DISTRIBUTION, ETC. (IMPRINT) | |
| Place of publication, distribution, etc | Manila : |
| Name of publisher, distributor, etc | Rex Bookstore, |
| Date of publication, distribution, etc | 1999. |
| 300 ## - PHYSICAL DESCRIPTION | |
| Extent | 295 pages ; |
| Dimensions | 22 cm |
| 942 ## - ADDED ENTRY ELEMENTS (KOHA) | |
| Source of classification or shelving scheme | Library of Congress Classification |
| Koha item type | Books |
| Call number prefix | Filipininana |
| Withdrawn status | Lost status | Source of classification or shelving scheme | Damaged status | Home library | Current library | Shelving location | Date acquired | Total Checkouts | Full call number | Barcode | Date last seen | Copy number | Price effective from | Koha item type | Total Renewals | Date checked out | Source of acquisition |
|---|---|---|---|---|---|---|---|---|---|---|---|---|---|---|---|---|---|
| Library of Congress Classification | Archives | Archives | 01/28/2016 | P 90 .B298 1999 | C20393 | 05/08/2018 | 01/28/2016 | Books | Donation | ||||||||
| Library of Congress Classification | College Library | College Library | Filipiniana Section | 01/30/2013 | P 90 .B298 1999 | C0967 | 05/08/2018 | 1 | 01/30/2013 | Books | |||||||
| Library of Congress Classification | College Library | College Library | Filipiniana Section | 05/06/2013 | 3 | P 90 .B298 1999 | C0966 | 06/05/2020 | 2 | 05/06/2013 | Books | 10 | 04/28/2020 | ||||
| Library of Congress Classification | College Library | College Library | Filipiniana Section | 05/14/2013 | P 90 .B298 1999 | C5496 | 05/08/2018 | 3 | 11/14/2013 | Books |